এই পৃথিবীর মানুষ, প্রথম খণ্ড/ (Record no. 18066)
[ view plain ]
| 000 -LEADER | |
|---|---|
| fixed length control field | 00908nam a22002057a 4500 |
| 003 - CONTROL NUMBER IDENTIFIER | |
| control field | BDDh-ASL |
| 005 - DATE AND TIME OF LATEST TRANSACTION | |
| control field | 20231015025658.0 |
| 008 - FIXED-LENGTH DATA ELEMENTS--GENERAL INFORMATION | |
| fixed length control field | 200917b1985 ||||| b||| 001 0 d |
| 040 ## - CATALOGING SOURCE | |
| Original cataloging agency | BDDh-ASL |
| Transcribing agency | BDDh-ASL |
| Modifying agency | BDDh-ASL |
| 041 ## - LANGUAGE CODE | |
| Language code of text/sound track or separate title | bengali |
| 082 ## - DEWEY DECIMAL CLASSIFICATION NUMBER | |
| Classification number | 301 |
| Item number | ISE |
| 100 ## - MAIN ENTRY--PERSONAL NAME | |
| 9 (RLIN) | 899 |
| Personal name | ইসলাম, এ. কে. এম. আমিনুল |
| 245 1# - TITLE STATEMENT | |
| Title | এই পৃথিবীর মানুষ, প্রথম খণ্ড/ |
| Statement of responsibility, etc. | এ. কে. এম. আমিনুল ইসলাম। |
| 246 ## - VARYING FORM OF TITLE | |
| Title proper/short title | Ei Prithibir Manush. |
| 260 ## - PUBLICATION, DISTRIBUTION, ETC. | |
| Place of publication, distribution, etc. | ঢাকা: |
| Name of publisher, distributor, etc. | বাংলা একাডেমী, |
| Date of publication, distribution, etc. | ১৯৮৫। |
| 300 ## - PHYSICAL DESCRIPTION | |
| Extent | ১৯২ পৃষ্ঠা: |
| Dimensions | ২২ সে. মি.। |
| 504 ## - BIBLIOGRAPHY, ETC. NOTE | |
| Bibliography, etc. note | গ্রন্থপঞ্জি ও নির্ঘন্ট সংযুক্ত। |
| 650 #0 - SUBJECT ADDED ENTRY--TOPICAL TERM | |
| 9 (RLIN) | 900 |
| Topical term or geographic name entry element | সমাজ বিজ্ঞান |
| General subdivision | মানববিজ্ঞান |
| 942 ## - ADDED ENTRY ELEMENTS (KOHA) | |
| Source of classification or shelving scheme | Dewey Decimal Classification |
| Koha item type | Books |
| Withdrawn status | Lost status | Source of classification or shelving scheme | Damaged status | Not for loan | Collection code | Home library | Current library | Shelving location | Date acquired | Source of acquisition | Total Checkouts | Full call number | Barcode | Date last seen | Copy number | Price effective from | Koha item type |
|---|---|---|---|---|---|---|---|---|---|---|---|---|---|---|---|---|---|
| Dewey Decimal Classification | Non-fiction | Asiatic Society Library | Asiatic Society Library | General Stacks | 09/17/2020 | Donated by Prof. (Dr.) M. Abdul Qayyum & Dr. Razia Sultana | 301 ISE | 101223 | 09/17/2020 | C-1 | 09/17/2020 | Books |